Теорія і методика фізичного виховання і спорту (Запис № 326210)

МАРК-запис
000 -Лідер
fixed length control field 00845nam a22002417a 4500
003 - Ідентифікатор контрольного номера
control field UA-OsUOA
001 - Контрольний номер
control field 40070
007 - Фіксоване поле фізичного опису
fixed length control field ta
008 - Елементи даних фіксованої довжини – загальна інформація
fixed length control field 20060711b un ||||| |||| 00| 0 ukr d
090 ## - Локальний шифр розміщення
Класифікаційний індекс УДК 79
Авторський знак (НП) Т33
040 ## - Джерело каталогізації
Агенція оригінальної каталогізації UA-OsUOA
Мова каталогізації ukr
Агенція, яка здійснювала перезапис UA-OsUOA
Агенція, яка здійснювала модифікацію UA-OsUOA
041 ## - Код мови
Код мови тексту/ звукової доріжки чи окремого заголовка (П) ukr
080 ## - Індекс Універсальної десяткової класифікації
Індекс Універсальної десяткової класифікації (УДК) (НП) 79
044 ## - Код країни видавця/ виробника
Код країни видавця/ виробника (П) UA
245 ## - Відомості про назву
Назва (НП) Теорія і методика фізичного виховання і спорту
Решта назви (НП) Видання Національного університету фізичного виховання і спорту України
Дані про відповідальність (НП) Гол. ред. Шкребтій Ю.М.
260 ## - Публікація, розповсюдження і т.п. (Вихідні дані)
Місце публікації, розповсюдження і т.п. (П) К.
246 31 - Інша форма назви
Назва (НП) Науково-теоретичний журнал
Номер частини/ розділ роботи (П)
300 ## - Фізичний опис
Обсяг 81 с.
650 #7 - Додаткове предметне введення – тематичний термін
Тематичний термін чи географічна назва, як елемент введення (НП) 79 Видовищні мистецтва. Розваги. Ігри. Спорт
Джерело заголовка чи терміна UDC
942 ## - Додаткові елементи входу (Коха)
Тип елемента Koha Журнал
955 ## - Код типу видання за змістом
Код типу видання за змістом (НП) Навчальні видання
962 ## - Рік початку публікації
-- 1999

Немає доступних примірників.